000 00612nam a2200229Ia 4500
003 OSt
005 20221007063105.0
006 a|||||r|||| 00| 0
007 ta
008 221006b |||||||| |||| 00| 0 eng d
024 _a8,970
037 _cTextual
040 _aFLL
_cFLL
_beng
041 _2eng
_aeng
082 _aX:5:21, L3
100 _aKhan Rahmatullah
245 0 _aLaw of international trade transactions
260 _aBombay
_bN.M. Tripathi Pvt. Ltd. India
_c1973
300 _axx,211p
_ccm.
942 _hX:5:21, L3
_cTEXL
_2CC
999 _c1130333
_d1130333